Die 10 größten Städte nach Religion - Statistiken

Allgemein
  • Dieses Quiz wurde 179 mal gespielt
  • Das Durchschnittsergebnis liegt bei 34 aus 80
Antwortstatistiken
Antwort Gläubige Prozentual % Korrekt
Orthodoxe und andere Christen Moskau 12.000.000 62%
91%
Katholisches Christentum London 7.500.000 50%
82%
Protestantisches Christentum London 3.600.000 24%
82%
Protestantisches Christentum New York 6.000.000 25%
82%
Buddhismus Tokio 13.300.000 34%
82%
Buddhismus Peking 3.900.000 17%
81%
Judentum Paris 282.000 2,5%
79%
Judentum Jerusalem 600.000 60%
78%
Sunnitische Muslime Kairo 20.000.000 90%
75%
Sunnitische Muslime Istanbul 14.500.000 90%
73%
Schiitische Muslime Teheran 15.600.000 96%
72%
Protestantisches Christentum Los Angeles 5.700.000 30%
70%
Judentum Los Angeles 540.000 3%
70%
Orthodoxe und andere Christen St. Petersburg 4.000.000 60%
70%
Hinduismus Mumbai 21.000.000 83%
69%
Katholisches Christentum New York City 7.600.000 33%
69%
Judentum New York City 1.900.000 8%
69%
Sunnitische Muslime Jakarta 24.500.000 85%
68%
Orthodoxe und andere Christen Kiew 2.600.000 67%
67%
Buddhismus Shanghai 4.000.000 10%
67%
Katholisches Christentum Buenos Aires 10.000.000 57%
65%
Katholisches Christentum Mexiko Stadt 22.000.000 90%
65%
Hinduismus Delhi 27.000.000 81%
64%
Schiitische Muslime Bagdad 6.800.000 90%
62%
Orthodoxe und andere Christen Athen 3.300.000 90%
61%
Katholisches Christentum São Paulo 13.800.000 60%
60%
Protestantisches Christentum São Paulo 5.000.000 23%
60%
Katholisches Christentum Manila 24.000.000 94%
59%
Sunnitische Muslime Riad 9.000.000 100%
58%
Judentum Tel-Aviv Jaffa 350.000 70%
56%
Katholisches Christentum Rio De Janeiro 7.900.000 63%
53%
Protestantisches Christentum Rio De Janeiro 3.300.000 25%
53%
Buddhismus Bangkok 18.700.000 94%
52%
Sunnitische Muslime Lagos 11.000.000 50%
50%
Protestantisches Christentum Chicago 4.000.000 40%
48%
Judentum Chicago 300.000 3%
48%
Katholisches Christentum Bogotá 7.300.000 76%
45%
Hinduismus Kalkutta 13.000.000 75%
42%
Protestantisches Christentum San Francisco 3.200.000 37%
41%
Judentum San Francisco 240.000 3%
41%
Orthodoxe und andere Christen Belgrad 1.100.000 82%
40%
Katholisches Christentum Lima 9.200.000 83%
40%
Buddhismus Osaka 6.000.0000 35%
40%
Orthodoxe und andere Christen Bukarest 1.900.000 86%
38%
Sunnitische Muslime Dhaka 20.300.000 96%
38%
Katholisches Christentum Johannesburg 8.000.000 54%
38%
Orthodoxe und andere Christen Minsk 2.100.000 84%
38%
Protestantisches Christentum Washington DC 3.400.000 41%
38%
Judentum Washington D.C 440.000 5%
38%
Protestantisches Christentum Kinshasa 3.800.000 25%
33%
Sunnitische Muslime Alexandria 5.700.000 91%
31%
Judentum Boston 225.000 3%
31%
Hinduismus Chennai 9.900.000 82%
28%
Sunnitische Muslime Lahore 11.200.000 80%
26%
Schiitische Muslime Lahore 2.800.000 23%
26%
Hinduismus Hyderabad 7.400.000 65%
24%
Hinduismus Ahmedabad 7.350.000 81%
22%
Sunnitische Muslime Karachi 15.000.000 80%
18%
Schiitische Muslime Karachi 4.000.000 20%
18%
Sunnitische Muslime Khartum 6.700.000 97%
18%
Buddhismus Nagoya 3.000.000 32%
17%
Schiitische Muslime Isfahan 3.100.000 96%
16%
Hinduismus Pune 6.000.000 80%
16%
Schiitische Muslime Baku 2.400.000 90%
15%
Hinduismus Bengaluru 11.000.000 80%
15%
Protestantisches Christentum Luanda 3.500.000 38%
15%
Hinduismus Jaipur 3.700.000 88%
12%
Orthodoxe und andere Christen Jekaterinburg 1.000.000 70%
11%
Hinduismus Surat 6.400.000 90%
10%
Orthodoxe und andere Christen Nowosibirsk 1.000.000 71%
9%
Buddhismus Phnom Penh 2.600.000 99%
9%
Buddhismus Xiamen 2.700.000 18%
9%
Buddhismus Chengdu 3.400.000 18%
8%
Buddhismus Rangun 5.200.000 91%
7%
Schiitische Muslime Qom 1.400.000 100%
6%
Schiitische Muslime Mashhad 3.000.000 95%
5%
Schiitische Muslime Tabriz 1.800.000 96%
5%
Schiitische Muslime Shiraz 1.600.000 95%
4%
Orthodoxe und andere Christen Tscheljabinsk 900.000 70%
3%
Judentum Aschdod 220.000 94%
0%
Keine übereinstimmenden Quizze gefunden
Verteilung der Resultate
Anzahl Personen mit jedem Resultat
Perzentil nach korrekt beantworteten Fragen
Ihre Resultats-Entwicklung
Sie haben dieses Quiz noch nicht gespielt